| 000 | 00805cab a2200301 4500 | ||
|---|---|---|---|
| 001 | ABS51376 | ||
| 008 | 090401t1994 xxu||||| |||| 00| 0 eng d | ||
| 035 | _a(Sirsi) u23858 | ||
| 041 | _aeng | ||
| 245 | _aCentrefolio: West London boroughs | ||
| 260 | _c1994 | ||
| 350 | _a0 | ||
| 490 |
_aProperty Week _v48(11) 15 September 1994, 37-63(11) |
||
| 650 | _aCHELSEA | ||
| 650 | _aCHISWICK | ||
| 650 | _aEALING | ||
| 650 | _aFULHAM | ||
| 650 | _aHAMMERSMITH | ||
| 650 | _aHEATHROW | ||
| 650 | _aKENSINGTON | ||
| 650 | _aPROPERTY-COMMERCIAL PROPERTY-OFFICE PROPERTY-OFFICE PROPERTY MARKET | ||
| 650 | _aPLANNING ISSUES | ||
| 650 | _aTRANSPORT ISSUES | ||
| 650 | _aWEST LONDON | ||
| 690 | _aPROPERTY-COMMERCIAL PROPERTY-COMMERCIAL PROPERTY MARKET | ||
| 942 | _n0 | ||
| 948 | _c04/03/1997 | ||
| 999 |
_c15972 _d15972 |
||